| 000 | 00670nam a22001337a 4500 | ||
|---|---|---|---|
| 040 | _cRUA | ||
| 082 | _aVEM SAM 2024 B1-330 Or. | ||
| 100 | _aSAM VITUO,សាម វិទ្ទូ | ||
| 245 | _aGASTRO-INTESTINAL PARASITES ON CATTLE AT SAEN DEI COMMUNE, SAMRONG TONG DISTRICT, KAMPONG SPEU PROVINCE,បរាសិតក្នុងក្រពះពោះវៀនគោ នៅឃុំសែនដី ស្រុកសំរោងទង ខេត្តកំពង់ស្ពឺ | ||
| 260 |
_aphnom penh _brua _c2024 |
||
| 300 |
_aviii.40p. _bill. _c29cm. |
||
| 856 | _uhttps://drive.google.com/file/d/1ajiERA0IM_p2mN09ao0VsxyRLPY4CCUW/view?usp=sharing | ||
| 942 | _cVEM | ||
| 999 |
_c24752 _d24752 |
||